| Tag |
First Indicator |
Second Indicator |
Subfields |
| LEADER |
00000cam a2200000 i 4500 |
| 001 |
in00000809913 |
| 005 |
20151017111926.0 |
| 008 |
800301s1979 dcua f00010 eng d |
| 010 |
|
|
|a gp 80009384
|
| 020 |
|
|
|c $1.50 (pbk. :)
|
| 035 |
|
|
|a (OCoLC)06047886
|
| 035 |
|
|
|9 ADU3333AM
|
| 037 |
|
|
|b 20402
|
| 040 |
|
|
|c GPO
|d UtOrBLW
|
| 043 |
|
|
|a n-us---
|
| 074 |
|
|
|a 9
|
| 086 |
0 |
|
|a A 1.9:2269
|
| 100 |
1 |
|
|a Storey, Charles L.,
|d 1930-
|
| 245 |
1 |
0 |
|a Insect control in farm-stored grain /
|c Charles L. Storey, Roy D. Speirs, and Lyman S. Henderson ; prepared by Science and Education Administration.
|
| 264 |
|
2 |
|a [Washington] :
|b Dept. of Agriculture, Science and Education Administration : for sale by the Supt. of Docs., U.S. Govt. Print. Off,
|c [1979]
|
| 300 |
|
|
|a 18 pages :
|b illustrations ;
|c 24 cm.
|
| 336 |
|
|
|a text
|b txt
|2 rdacontent
|
| 337 |
|
|
|a unmediated
|b n
|2 rdamedia
|
| 338 |
|
|
|a volume
|b nc
|2 rdacarrier
|
| 490 |
1 |
|
|a Farmers' bulletin ; no. 2269
|
| 500 |
|
|
|a Supersedes Controlling insects in farm-stored grain, Leaflet number 553, issued May 1971.
|
| 500 |
|
|
|a Issued Dec. 1979.
|
| 650 |
|
0 |
|a Grain
|x Storage
|x Diseases and injuries
|z United States.
|
| 650 |
|
0 |
|a Insect pests
|x Control
|z United States.
|
| 700 |
1 |
|
|a Speirs, Roy D.
|q (Roy Dean),
|d 1928-
|
| 700 |
1 |
|
|a Henderson, Lyman S.
|
| 710 |
1 |
|
|a United States.
|b Science and Education Administration.
|
| 830 |
|
0 |
|a Farmers' bulletin (United States. Department of Agriculture) ;
|v no. 2269.
|
| 999 |
|
|
|a MARS
|
| 999 |
f |
f |
|s dc825cc4-abb3-3b60-b521-ced30e1362c0
|i 84e9f976-7cf6-3f3f-b4aa-b47e9ea92f34
|t 0
|
| 952 |
f |
f |
|p normal
|a Texas A&M University
|b College Station
|c Sterling C. Evans Library
|d Evans: US Documents (Annex 5th floor)
|t 0
|e A 1.9:2264-
|h Superintendent of Documents classification
|i unmediated -- volume
|m A14829669438
|
| 952 |
f |
f |
|a Texas A&M University
|b College Station
|c Sterling C. Evans Library
|d Evans: US Documents (Annex 5th floor)
|t 0
|e A 1.9:2264-
|h Superintendent of Documents classification
|
| 998 |
f |
f |
|a A 1.9:2264-
|s 2264-2272,2274-2279/997
|t 0
|l Evans: US Documents (Annex 5th floor)
|